000 00880 a2200229 4500
005 20080925100843.0
008 080925t xxu||||| |||| 00| 0 eng d
010 _aENG-87879
020 _a8180545822
_c215.00
035 _aEN-71412
037 _bDBAD / PUB
082 _a658.848
100 _aVarshney, R.L.
245 _aInternational marketing management:
_cby R.L. Varshney [and] B. Bhattacharyya
_ban Indian perspective/
250 _a21st ed.
260 _aNew Delhi
_bSultan Chand & Sons
_c2007
270 _a23, Darya Ganj,
_bNew Delhi
_e110 002
300 _avarious pagings:
_c24cm (pbk )
700 _aBhattacharyya, B.
942 _adpl
_cEN
_k658.848 / VAR
_2ddc
_h658.848
_mVAR
999 _c7252
_d7252